• 首页
  • 本馆介绍
  • 公告通知
  • 最新文献
  • 馆藏检索
  • 电子资源
  • 读者导购
  • 参考咨询
  • 我的图书馆
  • 登录
  • 期刊详细显示
  • 现刊情况显示
  • 合订本情况显示
  • 篇目信息显示

期刊信息

  • 表格格式
  • 工作单格式
  • 卡片格式
索取号 
O1/MR
题名 
Mathematical Reviews
作者 
分册号 
分册名 
出版地 
Math. rev.
出版者 
American mathematical society
标准刊号 
0025-5629
出版频率 
中图法分类 
O1
主题词 
数学
电子资源 
000 00803cas a2200277 a 450
001 0733086687
005 20120411092803.06
008 751101c19409999riumr1 i 0 a0eng
010    @a42004221
011    @a0025-5629
016 7  @aM07720000@2 DNLM
016 7  @a58730030R@2 DNLM
022 0  @a0025-5629
101 0  @aeng
200 1  @aMathematical Reviews
207    @aVol. 1, no. 1 (Jan. 1940)-v. 58, no. 6 (Dec. 1979) ; Issue 80a (Jan. 1980)-
210 0  @aMath. rev. @cAmerican mathematical society
310    @aMonthly
500    @aImprint varies.
500    @aLatest issue consulted: Issue 87m (Dec. 1987).
606 0  @a数学
690    @aO1@v4
710 2  @aAmerican Mathematical Society.
710 2  @aMathematical Association of America.
801 0  @c20120411
905    @a10447@dO1@eMR
    
    Mathematical Reviews.-Vol. 1, no. 1 (Jan. 1940)-v. 58, no. 6 (Dec. 1979) ; Issue 80a (Jan. 1980)-.-Math. rev. :American mathematical society
    
    
    
    ISBN 7-420-04221-7 ISSN 0025-5629
    
●
相关链接: 在易读查询期刊 在中国知网中查询期刊 在万方数据查询期刊 在维普查询期刊
唐山师范学院图书馆 欢迎您!
大连网信软件有限公司© 版权所有